[Event "FRA-ch U10"]
[Site "Le Grand Bornand"]
[Date "2007.04.??"]
[Round "7"]
[White "Martin, Damien"]
[Black "Bigonnet, Jean Michel"]
[Result "1-0"]
[WhiteElo "1770"]
[BlackElo "1660"]
[PlyCount "101"]
[EventDate "2007.04.07"]
[EventType "swiss"]
[EventRounds "9"]
[EventCountry "FRA"]
[SourceTitle "CBM 118 Extra"]
[Source "ChessBase"]
[SourceDate "2007.07.04"]
[SourceVersion "1"]
[SourceVersionDate "2007.07.04"]
[SourceQuality "1"]

1. e4 c5 2. Nf3 Nc6 3. d4 cxd4 4. Nxd4 e5 5. Nb5 d6 6. N1c3 a6 7. Na3 b5 8. Nd5 Nge7 9. c3 Nxd5 10. Qxd5 Qc7 11. Nc2 Be6 12. Qd3 Be7 13. Be2 0-0 14. 0-0 Rfd8 15. Ne3 b4 16. Nd5 Qb7 17. cxb4 Nxb4 18. Qb3 Bxd5 19. exd5 a5 20. a3 Qxd5 21. Qxd5 Nxd5 22. Bf3 Nb6 23. Bxa8 Rxa8 24. Bd2 Nc4 25. Bc3 Rb8 26. Rac1 d5 27. Rfe1 f6 28. Rcd1 Rb5 29. a4 Rb3 30. Rxd5 Nxb2 31. Bxb2 Rxb2 32. Rxa5 Ra2 33. Rb1 Bb4 34. Ra7 Bc5 35. Rb8+ Bf8 36. h3 h5 37. Raa8 g5 38. Rxf8+ Kg7 39. Rfc8 g4 40. hxg4 hxg4 41. Rg8+ Kh7 42. Rxg4 e4 43. Rxe4 f5 44. Re7+ Kh6 45. Ree8 f4 46. Rf8 f3 47. Rxf3 Ra1+ 48. Kh2 Re1 49. Ra6+ Kh5 50. Rg3 Ra1 51. Ra8 1-0

[Event "Selestat op-B 13th"]
[Site "Selestat"]
[Date "2006.02.??"]
[Round "3"]
[White "Seremet, Mihai"]
[Black "Martin, Damien"]
[Result "1-0"]
[WhiteElo "1830"]
[BlackElo "1650"]
[PlyCount "105"]
[EventDate "2006.02.23"]
[EventType "swiss"]
[EventRounds "7"]
[EventCountry "FRA"]
[SourceTitle "CBM 111 Extra"]
[Source "ChessBase"]
[SourceDate "2006.05.09"]
[SourceVersion "1"]
[SourceVersionDate "2006.05.09"]
[SourceQuality "1"]

1. e4 c5 2. Nf3 d6 3. d4 cxd4 4. Nxd4 Nf6 5. Nc3 a6 6. Bc4 e6 7. Bg5 b5 8. Bb3 Be7 9. f3 Qb6 10. Be3 Qc7 11. 0-0 Nc6 12. Nce2 0-0 13. c3 Na5 14. Kh1 Nc4 15. Bxc4 Qxc4 16. Nb3 Qc7 17. Rc1 Bb7 18. Nf4 Rac8 19. Qe2 d5 20. exd5 Nxd5 21. Nxd5 Bxd5 22. Nd2 Rfd8 23. a3 Qe5 24. Qf2 Qc7 25. Bb6 Qf4 26. Bxd8 Rxd8 27. Rcd1 Bd6 28. g3 Qh6 29. Kg2 e5 30. Ne4 Be6 31. h4 Be7 32. Rxd8+ Bxd8 33. Rd1 Be7 34. Qd2 Qxd2+ 35. Rxd2 f6 36. b4 Kf7 37. Nc5 Bxc5 38. bxc5 a5 39. c6 Ke7 40. c7 Bd7 41. Kf2 h6 42. Rd5 b4 43. cxb4 axb4 44. axb4 g5 45. hxg5 fxg5 46. Rc5 Bc8 47. b5 Kd6 48. Rc1 Kd7 49. Ke3 Bb7 50. f4 g4 51. b6 Kc8 52. Rd1 exf4+ 53. Kxf4 1-0